logo

Bir Sreshtho Munshi Abdur Rouf Library
Jhenaidah Cadet College

তত্ত্বীয় পরিসংখ্যান / (Record no. 5916)

MARC details
000 -LEADER
fixed length control field 00648nam a2200217 a 4500
001 - CONTROL NUMBER
JCCL Control Number 5916
003 - CONTROL NUMBER IDENTIFIER
JCCL marc code BD-JhCC
005 - DATE AND TIME OF LATEST TRANSACTION
control field 20171231133725.0
008 - FIXED-LENGTH DATA ELEMENTS--GENERAL INFORMATION
fixed length control field 171230s1967 enk |||| ||a| 00| 0 eng d
035 ## - SYSTEM CONTROL NUMBER
system control number (BD-JhCC)5916
040 ## - CATALOGING SOURCE
Original cataloging agency BD-JhCC
Modifying agency BD-JhCC
041 ## - LANGUAGE CODE
Language code of Book eng
082 ## - DEWEY DECIMAL CLASSIFICATION NUMBER
Classification number 519.5
Author mark and Year ALI 1992
100 ## - MAIN ENTRY--PERSONAL NAME
Personal name আলী, মোঃ আকবর
245 ## - TITLE STATEMENT
Title তত্ত্বীয় পরিসংখ্যান /
Statement of responsibility, etc মোঃ আকবর আলী
260 ## - PUBLICATION, DISTRIBUTION, ETC. (IMPRINT)
Place of publication, distribution, etc ঢাকা :
Name of publisher, distributor, etc নিশাত প্রিন্টর্স,
Date of publication, distribution, etc 1992.
300 ## - PHYSICAL DESCRIPTION
Pagination 723 p. :
Other physical details ills;
Dimensions 21 cm.
650 ## - SUBJECT ADDED ENTRY--TOPICAL TERM
Topical term or geographic name as entry element Statistics
942 ## - ADDED ENTRY ELEMENTS (KOHA)
Source of classification or shelving scheme Dewey Decimal Classification
Koha item type Books
Holdings
Source of classification or shelving scheme Damaged status Not for loan Home library Current library Shelving location Total Checkouts Full call number Barcode Date last seen Copy number Koha item type
Dewey Decimal Classification     JCC Rouf Library JCC Rouf Library General Stacks   519.5 ALI 1992 8417 12/30/2017 C - 1 Books

JCC Library | Contacts | JCC Home

Last Update on 23 September 2017
Copyright @ 2017-2020 JCC Rouf Library
Rouf Library, Jhenidah Cadet College (JCC), Bangladesh